Statistics for The Welsh Quiz

Click here to take the quiz!

General Stats

  • This quiz has been taken 1,957 times
  • The average score is 8 of 12

Answer Stats

QuestionAnswer% Correct
What is the capital city of Wales?Cardiff
98%
What is the currency?Pound
96%
How do you say Wales in welsh?Cymru
84%
What is its National animal?Dragon
83%
What is its national vegatable?Leek
82%
Singer who sang "Sexbomb" and "its not unusual"Tom Jones
80%
What is its Patron Saint?St.David
74%
What is its National Flower?daffodil
70%
Actor who played Batman in The Dark Knight RisesChristian Bale
51%
What is the longest river in Wales?Severn
48%
What is its national Anthem?Land of my fathers
42%
What is its national bird?Red Kite
19%

Score Distribution

Percentile by Number Answered

Percent of People with Each Score

Your Score History

You have not taken this quiz